000 00425nam a2200181Ia 4500
001 4885
005 20260306145827.0
008 260306t2004||||xx |||||||||||||| ||spa||
041 _aESP
082 _a331
_bG22 T. 1
100 _aGarcía, Norberto,
_eAUT
245 0 _aPolíticas de empleo en Perú
260 _c2004
300 _a404 páginas :
_c21 cm.
650 _aGEN
654 _aCAN
942 _cLIB
_dJUS
_fJUS
_2ddc
_n
999 _c4885
_d4885